000 01510nam a22001577a 4500
041 _aukr
080 _a09
090 _bАНД
100 _aАндросова О.В.
245 _aСемантико-когнітивний аналіз лексики на позначення кохання в пісенних текстах Браяна Адамса
260 _aОстрог
_bКАФ
_c2009
300 _a48
520 _aВСТУП РОЗДІЛ 1 КОГНІТИВНИЙ ПІДХІД ДО АНАЛІЗУ ЛЕКСИКИ НА ПОЗНАЧЕННЯ КОХАННЯ 1.1 Концепт як основне поняття когнітивної лінгвістики. 1.2 Субєктивна природа концепту. РОЗДІЛ 2 ЛЕКСИКО-СТИЛІСТИЧНІ ОСОБЛИВОСТІ ПІСЕННОГО ТЕКСТУ 2.1 Пісенний текст як обєкт лінгвістичного аналізу. 2.2 Лексико-стилістичні засоби увиразнення пісенних текстів. РОЗДІЛ 3 АНАЛІЗ ЛЕКСИКИ НА ПОЗНАЧЕННЯ КОХАННЯ В ПІСЕННИХ ТЕКСТАХ БРАЯНА АДАМСА 3.1 Концепт КОХАННЯ в пісенних текстах Браяна Адамса. 3.2 Лексико-стилістичні засоби на позначення кохання. ВИСНОВКИ
_0кохання, пісенний текст, Браян Адамс
650 _aResearch Papers
999 _c284113
_d284113
942 _cBK